000 00561nam a22001937a 4500
005 20251108165854.0
008 250721s1987 xx 000 0 ara d
082 1 4 _aط/910.92/إدر
100 1 _aحداد، خالد
245 1 0 _aالشريف الإدريسي /
264 1 _aدمشق :
_bدار الكتاب العربي،
_c1987.
300 _a27ص
490 0 _aسلسلة إعلام الفكر العربي
650 1 7 _aالرحلات و السفر
650 1 7 _aالأسفار
650 1 7 _aالرحالة
942 _2ddc
_cBK
999 _c33532
_d33532